ARRUPE JESUIT UNIVERSITY

CORONAVIRUS -STOP THE SPREAD - CLEAN,DISINFECT,COVER

Andrew Carnegie and the rise of big business / (Record no. 121251)

MARC details
000 -LEADER
fixed length control field 01896mam a2200397 a 4500
001 - CONTROL NUMBER
control field 2402430
003 - CONTROL NUMBER IDENTIFIER
control field ARRUPE
005 - DATE AND TIME OF LATEST TRANSACTION
control field 20141114125958.0
008 - FIXED-LENGTH DATA ELEMENTS--GENERAL INFORMATION
fixed length control field 990617s2000 nyua b 001 0beng
010 ## - LIBRARY OF CONGRESS CONTROL NUMBER
LC control number 99033825
020 ## - INTERNATIONAL STANDARD BOOK NUMBER
International Standard Book Number 0321043731 (pbk.)
035 ## - SYSTEM CONTROL NUMBER
System control number (OCoLC)ocm41619408
035 ## - SYSTEM CONTROL NUMBER
System control number (NNC)2402430
040 ## - CATALOGING SOURCE
Original cataloging agency DLC
Transcribing agency DLC
Modifying agency C#P
-- OrLoB-B
043 ## - GEOGRAPHIC AREA CODE
Geographic area code n-us---
050 00 - LIBRARY OF CONGRESS CALL NUMBER
Classification number HD9520.C3
Item number L58 2000
082 00 - DEWEY DECIMAL CLASSIFICATION NUMBER
Classification number 338.7/672/092
-- B
Edition number 21
300 ## - PHYSICAL DESCRIPTION
Other physical details ill. ;
Dimensions 20 cm.
100 1# - MAIN ENTRY--PERSONAL NAME
Personal name Livesay, Harold C.
9 (RLIN) 12668
245 10 - TITLE STATEMENT
Title Andrew Carnegie and the rise of big business /
Statement of responsibility, etc Harold C. Livesay ; edited by Oscar Handlin.
260 ## - PUBLICATION, DISTRIBUTION, ETC. (IMPRINT)
Place of publication, distribution, etc Boston:
Name of publisher, distributor, etc Little, Brown and Company,
Date of publication, distribution, etc 1975.
300 ## - PHYSICAL DESCRIPTION
Extent xi, 228 p. :
490 1# - SERIES STATEMENT
Series statement Library of American biography
504 ## - BIBLIOGRAPHY, ETC. NOTE
Bibliography, etc Includes bibliographical references (p. 215-219) and index.
505 00 - FORMATTED CONTENTS NOTE
Miscellaneous information I.
Title Flying Scots: In Search of a Dream --
Miscellaneous information II.
Title The Climb Begins --
Miscellaneous information III.
Title The Apprentice Manager --
Miscellaneous information IV.
Title The Apprentice Financier --
Miscellaneous information V.
Title The Master Moneyman: A Fortune in Paper --
Miscellaneous information VI.
Title The Master Builder: A Foundation of Iron --
Miscellaneous information VII.
Title The Master Builder: A Structure of Steel --
Miscellaneous information VIII.
Title The Master Manager: Costs, Chemistry, and Coke --
Miscellaneous information IX.
Title Triumph and Tragedy --
Miscellaneous information X.
Title Carnegie Challenges the World --
Miscellaneous information XI.
Title The Climb Ends.
600 10 - SUBJECT ADDED ENTRY--PERSONAL NAME
Personal name Carnegie, Andrew,
Dates associated with a name 1835-1919.
9 (RLIN) 12669
650 #0 - SUBJECT ADDED ENTRY--TOPICAL TERM
Topical term or geographic name as entry element Industrialists
Geographic subdivision United States
Form subdivision Biography.
9 (RLIN) 12670
650 #0 - SUBJECT ADDED ENTRY--TOPICAL TERM
Topical term or geographic name as entry element Millionaires
Geographic subdivision United States
Form subdivision Biography.
9 (RLIN) 12671
650 #0 - SUBJECT ADDED ENTRY--TOPICAL TERM
Topical term or geographic name as entry element Philanthropists
Geographic subdivision United States
Form subdivision Biography.
9 (RLIN) 12672
650 #0 - SUBJECT ADDED ENTRY--TOPICAL TERM
Topical term or geographic name as entry element Steel industry and trade
Geographic subdivision United States
General subdivision History.
9 (RLIN) 12673
650 #0 - SUBJECT ADDED ENTRY--TOPICAL TERM
Topical term or geographic name as entry element Iron industry and trade
Geographic subdivision United States
General subdivision History.
9 (RLIN) 12674
650 #0 - SUBJECT ADDED ENTRY--TOPICAL TERM
Topical term or geographic name as entry element Big business
Geographic subdivision United States
General subdivision History.
9 (RLIN) 12675
700 1# - ADDED ENTRY--PERSONAL NAME
Personal name Handlin, Oscar,
Dates associated with a name 1915-2011.
9 (RLIN) 12676
830 #0 - SERIES ADDED ENTRY--UNIFORM TITLE
Uniform title Library of American biography (New York, N.Y.)
9 (RLIN) 12677
900 ## - EQUIVALENCE OR CROSS-REFERENCE-PERSONAL NAME [LOCAL, CANADA]
Numeration TOC
942 ## - ADDED ENTRY ELEMENTS (KOHA)
Source of classification or shelving scheme Library of Congress Classification
Koha item type Monograph ( Printed materials)
Holdings
Withdrawn status Lost status Source of classification or shelving scheme Damaged status Not for loan Collection code Home library Current library Shelving location Date acquired Total Checkouts Full call number Barcode Date last seen Price effective from Koha item type
    Library of Congress Classification     Main Collection ARRUPE LIBRARY ARRUPE LIBRARY Main Collection 14/11/2014   HD9520.C3 L58 1975 46500003672 08/05/2018 14/11/2014 Monograph ( Printed materials)

 

Arrupe Library. PO Box MP320 Mt Pleasant, Harare, Zimbabwe
263 242 745411|librarian@aju.ac.zw